OT-64 SKOT : historie a vývoj obrněného transportéru /

Hlavní autor: Burian, Michal, 1971-
Další autoři: Dítě, Josef, Dubánek, Martin, 1974-
Jazyk: Čeština
Vydáno: Praha : Grada, 2010
Vydání: 1. vyd.
Témata:
Externí odkaz: Digitalizovaný dokument
Fyzický popis: 180 s. : il. (některé barev.) ; 17 x 23 cm
Knihy
Uloženo v:
LEADER 01910nam a2200493 a 4500
001 nkc20102128141
003 CZ PrNK
005 20201118093358.0
007 ta
008 101125s2010 xr a e f 000 0 cze
015 |a cnb002128141 
020 |a 978-80-247-3283-1  |q (váz.) 
035 |a (OCoLC)697265156 
040 |a ABA001  |b cze 
043 |a e-cs--- 
072 7 |a 623  |x Vojenská technika  |2 Konspekt  |9 19 
080 |a 623.438.1  |2 MRF 
080 |a (437)  |2 MRF 
080 |a (036)  |2 MRF 
080 |a (084.11)  |2 MRF 
100 1 |a Burian, Michal,  |d 1971-  |7 jn20010310192  |4 aut 
245 1 0 |a OT-64 SKOT :  |b historie a vývoj obrněného transportéru /  |c Michal Burian, Josef Dítě, Martin Dubánek 
246 3 |a OT-64 střední kolový obrněný transportér 
246 3 |a Historie a vývoj obrněného transportéru OT-64 SKOT 
250 |a 1. vyd. 
260 |a Praha :  |b Grada,  |c 2010 
300 |a 180 s. :  |b il. (některé barev.) ;  |c 17 x 23 cm 
504 |a Obsahuje bibliografii 
650 0 7 |a OT-64 SKOT (obrněné vozidlo)  |7 ph614038  |2 czenas 
650 0 7 |a obrněné transportéry  |7 ph381264  |z Československo  |2 czenas 
650 0 9 |a OT-64 SKOT (armoured vehicle)  |2 eczenas 
650 0 9 |a armoured personnel carriers  |z Czechoslovakia  |2 eczenas 
655 7 |a informační publikace  |7 fd132454  |2 czenas 
655 7 |a obrazové publikace  |7 fd132947  |2 czenas 
655 9 |a information publications  |2 eczenas 
655 9 |a pictorial works  |2 eczenas 
700 1 |a Dítě, Josef  |7 jx20101129007  |4 aut 
700 1 |a Dubánek, Martin,  |d 1974-  |7 jx20070727014  |4 aut 
856 4 1 |u http://www.digitalniknihovna.cz/mzk/uuid/uuid:0ea3f4a0-f534-11e7-a97b-005056827e51  |y Digitalizovaný dokument  |x NDK 
910 2 |a BOA001  |b 2-1252.973 
990 |a BK 
995 |a 01 
991 |b 201012  |c NOV  |j 623.4 BUR  |e n 
996 6 |b 2610453873  |c 2-1252.973  |l MZK  |r Sklad / do 1 hodiny  |n 2  |p p.v.  |w 001157797  |u 000010  |a 1  |e BOA001  |j MZK50  |s P